| 000 | 00404nam a22001697a 4500 | ||
|---|---|---|---|
| 003 | OSt | ||
| 005 | 20220114111618.0 | ||
| 008 | 220114b |||||||| |||| 00| 0 eng d | ||
| 020 | _a0201106485 | ||
| 040 | _cHU | ||
| 082 | _a658 | ||
| 100 |
_aCOPLAND THOMAS _928016 |
||
| 245 | _aCOPELAND THEORY AND CORPORATE PLOICY | ||
| 260 |
_aADDIS ABEBA _bETHIOPIA _c1988 |
||
| 300 | _a946 | ||
| 942 |
_2ddc _cBOOKS _n0 |
||
| 999 |
_c27069 _d27069 |
||